000 00520nam a22001697a 4500
005 20231024142709.0
008 231024b |||||||| |||| 00| 0 eng d
020 _a9780409127843 ; 9780409127812
041 _aEnglish
082 _a347.1 HAR
100 _aHarms DR
_cSC
_lEnglish
245 _aCivil Procedure in the Superior Courts /
_cDR Harms
260 _aDurban :
_bLexisNexis (Pty) Ltd,
_c2022
300 _bvii, 1725 pages ;
_c26 cm.
650 _aLegal practice
_bLaw
942 _cBK
_6ALISON_BN_VRIES
999 _c34
_d34